[Event "BAN-chT 1st League"]
[Site "Dhaka"]
[Date "2022.03.15"]
[Round "6.1"]
[White "Soham, Dey"]
[Black "Md, Sariatullah"]
[Result "1-0"]
[WhiteElo "1961"]
[BlackElo "1971"]
[PlyCount "73"]
[EventDate "2022.03.10"]
[EventType "team-tourn"]
[EventRounds "11"]
[EventCountry "BAN"]
[SourceTitle "EXT 2023"]
[Source "ChessBase"]
[SourceDate "2022.10.05"]
[SourceVersion "1"]
[SourceVersionDate "2022.10.05"]
[SourceQuality "1"]
[WhiteTeam "Basir Memorial"]
[BlackTeam "Sonali Bank Sports"]
[WhiteTeamCountry "BAN"]
[BlackTeamCountry "BAN"]

1. e4 e5 2. Nf3 Nc6 3. d4 exd4 4. Bc4 Bb4+ 5. c3 dxc3 6. bxc3 Ba5 7. 0-0 d6 8. Qb3 Qe7 9. Bg5 Nf6 10. Bd5 0-0 11. Qa4 Bb6 12. Bxc6 bxc6 13. Bxf6 Qxf6 14. Qxc6 Rb8 15. Nbd2 Bb7 16. Qc4 Rfe8 17. Rfe1 Qf4 18. a4 a5 19. Qd3 Re6 20. Re2 Rbe8 21. Rae1 h6 22. Nd4 Re5 23. N4f3 Rh5 24. Nf1 Rc5 25. Nd4 Rce5 26. f3 c5 27. Rb1 cxd4 28. Rxb6 R5e7 29. cxd4 d5 30. e5 Rc8 31. Reb2 Bc6 32. Rxc6 Ree8 33. Rxc8 Rxc8 34. Rb5 g5 35. Rxd5 Qc1 36. e6 Qc6 37. exf7+ 1-0

[Event "BAN-chT 1st League"]
[Site "Dhaka"]
[Date "2022.03.11"]
[Round "2.1"]
[White "Soham, Dey"]
[Black "Sacchu, Afzal Hossain"]
[Result "0-1"]
[WhiteElo "1961"]
[BlackElo "2058"]
[PlyCount "98"]
[EventDate "2022.03.10"]
[EventType "team-tourn"]
[EventRounds "11"]
[EventCountry "BAN"]
[SourceTitle "EXT 2023"]
[Source "ChessBase"]
[SourceDate "2022.10.05"]
[SourceVersion "1"]
[SourceVersionDate "2022.10.05"]
[SourceQuality "1"]
[WhiteTeam "Basir Memorial"]
[BlackTeam "Sultana Kamal Smirity Pathagar"]
[WhiteTeamCountry "BAN"]
[BlackTeamCountry "BAN"]

1. e4 c6 2. d4 d5 3. e5 Bf5 4. Nf3 e6 5. Be2 c5 6. Be3 Nd7 7. c4 cxd4 8. Nxd4 Bxb1 9. Rxb1 Bb4+ 10. Bd2 Bxd2+ 11. Qxd2 Nxe5 12. c5 Ne7 13. 0-0 0-0 14. f4 N5c6 15. Nb5 a6 16. Nd6 Qd7 17. b4 Nc8 18. Nxc8 Rfxc8 19. f5 exf5 20. Bd3 Rd8 21. Bxf5 Qc7 22. Rbe1 g6 23. Bb1 Rd7 24. h4 Rad8 25. h5 Re7 26. Qg5 Re5 27. Qg3 Rde8 28. hxg6 hxg6 29. Re3 Qe7 30. Ref3 Rg5 31. Qf4 f5 32. Rh3 Rg4 33. Qh2 Qg7 34. Qd6 Qe5 35. Qd7 Qe7 36. Qxd5+ Qe6 37. Qxe6+ Rxe6 38. a3 Kg7 39. Ba2 Re2 40. Rf2 Re1+ 41. Kh2 Rd4 42. Rc3 Ne5 43. Rb2 Rdd1 44. Kg3 g5 45. b5 Rf1 46. Kh2 Rh1+ 47. Kg3 Rdf1 48. Rf3 f4+ 49. Rxf4 gxf4# 0-1

[Event "BAN Marcel 1st Div"]
[Site "Dhaka"]
[Date "2018.01.07"]
[Round "9.4"]
[White "Shah Alam, Ropan"]
[Black "Soham, Dey"]
[Result "0-1"]
[WhiteElo "1615"]
[BlackElo "1554"]
[PlyCount "92"]
[EventDate "2017.12.30"]
[EventType "team-tourn"]
[EventRounds "9"]
[EventCountry "BAN"]
[SourceTitle "CBM 182 Extra"]
[Source "ChessBase"]
[SourceDate "2018.02.23"]
[SourceVersion "1"]
[SourceVersionDate "2018.02.23"]
[SourceQuality "1"]
[WhiteTeam "Sonargaon CC"]
[BlackTeam "Basir Memorial CC"]
[WhiteTeamCountry "BAN"]
[BlackTeamCountry "BAN"]

1. e4 e5 2. Nf3 Nc6 3. Bb5 a6 4. Ba4 Nf6 5. 0-0 Be7 6. Re1 b5 7. Bb3 0-0 8. c3 d5 9. exd5 Nxd5 10. Nxe5 Nxe5 11. Rxe5 c6 12. d4 Bd6 13. Re2 Qh4 14. g3 Qh3 15. Qf1 Qh5 16. Nd2 Nf4 17. gxf4 Bh3 18. Qxh3 Qxh3 19. Nf1 Bxf4 20. Be3 Rae8 21. Rae1 Qg4+ 22. Ng3 Bxe3 23. fxe3 h5 24. Rg2 h4 25. Bd1 Qe6 26. Nh5 g6 27. Bb3 Qf5 28. Nf4 Qxf4 29. exf4 Rxe1+ 30. Kf2 Rb1 31. Rxg6+ Kh7 32. Rxc6 Rxb2+ 33. Kf3 Rxh2 34. Bd5 f5 35. Rxa6 Rh3+ 36. Kg2 Rxc3 37. Rb6 h3+ 38. Kh2 Re8 39. Re6 Rxe6 40. Bxe6 Kg6 41. Bd7 b4 42. Be6 Rd3 43. d5 Rd2+ 44. Kxh3 Rxa2 45. d6 Rd2 46. d7 Kf6 0-1

[Event "BAN Marcel 1st Div"]
[Site "Dhaka"]
[Date "2018.01.06"]
[Round "8.4"]
[White "Soham, Dey"]
[Black "Md Abzid, Rahman"]
[Result "0-1"]
[WhiteElo "1554"]
[BlackElo "2050"]
[PlyCount "166"]
[EventDate "2017.12.30"]
[EventType "team-tourn"]
[EventRounds "9"]
[EventCountry "BAN"]
[SourceTitle "CBM 182 Extra"]
[Source "ChessBase"]
[SourceDate "2018.02.23"]
[SourceVersion "1"]
[SourceVersionDate "2018.02.23"]
[SourceQuality "1"]
[WhiteTeam "Basir Memorial CC"]
[BlackTeam "Janata Bank Officer Welfare"]
[WhiteTeamCountry "BAN"]
[BlackTeamCountry "BAN"]

1. e4 d5 2. exd5 Qxd5 3. Nc3 Qd6 4. d4 Nf6 5. Nf3 g6 6. Bc4 Bg7 7. h3 0-0 8. Be3 a6 9. a4 Nc6 10. 0-0 Qb4 11. Bb3 Na5 12. Ra3 Bf5 13. Bd2 Qb6 14. Qe1 Nxb3 15. Rxb3 Qa7 16. Qxe7 Bxc2 17. Ra3 c6 18. Rc1 Rfe8 19. Qc7 Rac8 20. Qh2 Bf5 21. Be3 Qb6 22. g4 Bd7 23. Ra2 Qb4 24. Ne5 Be6 25. Raa1 h5 26. f3 Nd5 27. Nxd5 Bxd5 28. Rf1 f6 29. Nd3 Qa5 30. Qd2 Qxd2 31. Bxd2 Bc4 32. Ra3 f5 33. Rd1 Bxd4+ 34. Kh1 hxg4 35. hxg4 Kf7 36. Bc1 Re2 37. Bh6 Rh8 38. g5 Bxd3 39. Raxd3 c5 40. b4 Rhe8 41. bxc5 Bxc5 42. Rd7+ R2e7 43. Rxe7+ Bxe7 44. Rd7 b5 45. axb5 axb5 46. Rb7 b4 47. Kg2 Ke6 48. Bg7 f4 49. Rb6+ Bd6 50. Bb2 Rb8 51. Ra6 Rb5 52. Kf2 Rxg5 53. Bc1 Rf5 54. Ke2 g5 55. Kd3 Rc5 56. Bb2 g4 57. fxg4 f3 58. Bd4 Rd5 59. Ra2 Bc5 60. Ra6+ Kd7 61. Kc4 Rxd4+ 62. Kxc5 Rf4 63. Ra1 f2 64. Rf1 Ke6 65. Kb5 b3 66. Ka5 b2 67. g5 Kf5 68. g6 Kxg6 69. Kb5 Kg5 70. Kc5 Kg4 71. Kd5 Kf3 72. Kc5 Kg2 73. Rb1 f1Q 74. Rxb2+ Rf2 75. Rxf2+ Qxf2+ 76. Kd5 Kf3 77. Ke5 Qc5+ 78. Ke6 Kf4 79. Kf6 Qd6+ 80. Kf7 Kf5 81. Kg7 Qe7+ 82. Kh6 Qa7 83. Kh5 Qh7# 0-1

[Event "BAN Marcel 1st Div"]
[Site "Dhaka"]
[Date "2018.01.03"]
[Round "5.4"]
[White "Soham, Dey"]
[Black "Hanif, Mollah"]
[Result "1-0"]
[WhiteElo "1554"]
[BlackElo "1854"]
[PlyCount "101"]
[EventDate "2017.12.30"]
[EventType "team-tourn"]
[EventRounds "9"]
[EventCountry "BAN"]
[SourceTitle "CBM 182 Extra"]
[Source "ChessBase"]
[SourceDate "2018.02.23"]
[SourceVersion "1"]
[SourceVersionDate "2018.02.23"]
[SourceQuality "1"]
[WhiteTeam "Basir Memorial CC"]
[BlackTeam "Mohakhali Pradip Sangah"]
[WhiteTeamCountry "BAN"]
[BlackTeamCountry "BAN"]

1. e4 d6 2. d4 Nf6 3. Nc3 e5 4. dxe5 dxe5 5. Qxd8+ Kxd8 6. Bg5 Be7 7. 0-0-0+ Nbd7 8. Nf3 Ng4 9. Bxe7+ Kxe7 10. Rd2 c6 11. Bc4 h6 12. a4 a5 13. h3 Ngf6 14. g4 Re8 15. g5 hxg5 16. Nxg5 Rf8 17. h4 Nc5 18. Rg1 g6 19. b3 Be6 20. Bxe6 Nxe6 21. Nf3 Nd7 22. Nd1 Nec5 23. Rg4 Rh8 24. Nb2 Rh5 25. Nc4 Nf6 26. Rg5 Nfxe4 27. Rxh5 Nxd2 28. Rxe5+ Kf6 29. Ncxd2 Ne6 30. Ne4+ Kg7 31. Nd6 b6 32. Ng5 Nxg5 33. hxg5 Kf8 34. f4 Rb8 35. Kb2 Rd8 36. Nc4 Rb8 37. f5 gxf5 38. Rxf5 Ke7 39. Ne5 Ke6 40. Nxc6 Kxf5 41. Nxb8 Kxg5 42. Kc3 f5 43. Kd3 f4 44. Ke2 Kg4 45. Kf2 Kf5 46. Nd7 Ke4 47. Nxb6 Kd4 48. Nc4 Kc3 49. Nxa5 Kxc2 50. b4 Kc3 51. b5 1-0

[Event "BAN-chT"]
[Site "Dhaka"]
[Date "2016.11.30"]
[Round "8.3"]
[White "Soham, Dey"]
[Black "Bappi, Ab"]
[Result "1-0"]
[WhiteElo "1482"]
[BlackElo "1863"]
[PlyCount "37"]
[EventDate "2016.11.23"]
[EventType "team-tourn"]
[EventRounds "9"]
[EventCountry "BAN"]
[SourceTitle "EXT 2018"]
[Source "ChessBase"]
[SourceDate "2017.10.13"]
[SourceVersion "1"]
[SourceVersionDate "2017.10.13"]
[SourceQuality "1"]
[WhiteTeam "Basir Memorial CC"]
[BlackTeam "Debdas Biswas Smirity Sangsad"]
[WhiteTeamCountry "BAN"]
[BlackTeamCountry "BAN"]

1. e4 c5 2. Nf3 Nf6 3. Nc3 e6 4. d4 cxd4 5. Nxd4 a6 6. Be2 Nc6 7. 0-0 Bb4 8. Qd3 Ne5 9. Qg3 Bxc3 10. Qxc3 Nxe4 11. Qe3 d5 12. f3 f5 13. fxe4 dxe4 14. c3 0-0 15. Qg3 Nf7 16. Bc4 Qe7 17. Bf4 Bd7 18. Be5 Rac8 19. Qxg7# 1-0

[Event "BAN-chT"]
[Site "Dhaka"]
[Date "2016.11.25"]
[Round "3.3"]
[White "Saiful Islam, Chowdhury"]
[Black "Soham, Dey"]
[Result "1-0"]
[WhiteElo "2165"]
[BlackElo "1482"]
[PlyCount "121"]
[EventDate "2016.11.23"]
[EventType "team-tourn"]
[EventRounds "9"]
[EventCountry "BAN"]
[SourceTitle "EXT 2018"]
[Source "ChessBase"]
[SourceDate "2017.10.13"]
[SourceVersion "1"]
[SourceVersionDate "2017.10.13"]
[SourceQuality "1"]
[WhiteTeam "Access"]
[BlackTeam "Basir Memorial CC"]
[WhiteTeamCountry "BAN"]
[BlackTeamCountry "BAN"]

1. e4 e5 2. d4 exd4 3. Nf3 Nc6 4. Bc4 Bc5 5. Ng5 Ne5 6. Nxf7 Nxf7 7. Bxf7+ Kf8 8. Bxg8 Kxg8 9. 0-0 d6 10. b4 Bxb4 11. Qxd4 Bc5 12. Qc4+ Kf8 13. Nc3 Qf6 14. Be3 Be6 15. Nd5 Bxd5 16. exd5 Kf7 17. Bxc5 dxc5 18. Rab1 b6 19. Rb3 Qd4 20. Rf3+ Kg8 21. Qe2 Qxd5 22. Rd1 Qxa2 23. Qe4 Rb8 24. c4 h6 25. h4 Qa4 26. Qe6+ Kh7 27. Qf5+ Kg8 28. Rd7 Qa1+ 29. Kh2 a5 30. Qe6+ Kh7 31. Rf6 Qxf6 32. Qxf6 Rhg8 33. Rxc7 Kh8 34. Qe5 Ra8 35. g4 a4 36. g5 Rae8 37. Re7 Rxe7 38. Qxe7 hxg5 39. hxg5 Kh7 40. Kg3 a3 41. Qa7 Kg6 42. Qxb6+ Kxg5 43. f4+ Kf5 44. Qxc5+ Kf6 45. Qg5+ Kf7 46. Qd5+ Kf8 47. c5 g5 48. f5 Rg7 49. Qa8+ Ke7 50. Qxa3 Kf6 51. Qc3+ Kf7 52. c6 Rg8 53. Qc4+ Kg7 54. Qxg8+ Kxg8 55. c7 Kf7 56. c8Q Kf6 57. Qe6+ Kg7 58. Qg6+ Kf8 59. f6 g4 60. Qg7+ Ke8 61. Qe7# 1-0